000
00380nam a22001217a 4500
040
_c
RUA
082
_a
ANN OUK 2017 A.126 Or.1
100
_a
OUK MAKARA, អ៊ុក ម៉ាការា
245
_a
Annual Report 2018 , របាយការណ៍ប្រចាំឆ្នាំ២០១៨
260
_a
PHNOM PENH
_b
RUA
_c
2018
300
_a
vii,
_b
ill,
_c
29cm,
942
_c
REC
999
_c
25180
_d
25180